Solutions de questions de mathematiques speciales : posees aux examens oraux des Ecoles Polytechnique, normale, centrale, etc.

Αποθηκεύτηκε σε:
Λεπτομέρειες βιβλιογραφικής εγγραφής
Κύριος συγγραφέας: Tetrel, A.
Άλλοι συγγραφείς: Thibault, Roger
Μορφή: Βιβλίο
Γλώσσα:French
Δημοσίευση: Paris : Librarie Croville, [1961?]
Έκδοση:10e ed.
Θέματα:
Ετικέτες: Προσθήκη ετικέτας
Δεν υπάρχουν, Καταχωρήστε ετικέτα πρώτοι!

MARC

LEADER 00000cam a2200000 i 4500
001 1/19314
008 120509q1961 fre d
035 |l 10112387 
040 |a GR-MY-UA  |b gre  |e aacr 
041 0 |a fre 
082 0 |a 510.076  |2 (22) 
100 1 |a Tetrel, A. 
245 1 0 |a Solutions de questions de mathematiques speciales :  |b posees aux examens oraux des Ecoles Polytechnique, normale, centrale, etc. /  |c par A. Tetrel 
250 |a 10e ed. 
260 |a Paris :   |b Librarie Croville,   |c [1961?] 
300 |a 2τ σε 1 (265, 295 σ.);  |c 24 εκ. 
500 |a Ο δεύτερος τόμος είναι έκδοση πολυγραφημένη. 
500 |a Δύο τόμοι δεμένοι σε ένα. 
505 0 |a Part 1. Algebre, analyse, mechanique, algebre lineairepart 2. fascile 1. Geometrie analytique 
650 0 0 |a Algebra  |x Problems, exercises, etc. 
650 0 0 |a Calculus  |v Problems, exercises, etc. 
650 0 0 |a Mechanics  |x Problems, exercises, etc. 
650 0 0 |a Algebras, Linear  |x Problems, exercises, etc. 
650 0 0 |a Geometry, Analytic  |x Problems, exercises, etc. 
700 1 |a Thibault, Roger. 
852 |a INST  |b SAMOS  |c MAG  |e 20120509  |h 510.076 TET  |p 005300033843  |q 005300033843  |t BK  |v τ.1-2:  |y 0  |z τ.1-2 
853 |a INST  |b SAMOS  |c MAG  |h 510.076 TET 
901 |a BIBL3-2012-1 
909 |a Σ  |b 172246 
970 |a ΓΟΥΒΑΛΑ  |b ΒΑΣΩ  |z 2012/05/09